Marketing Logistics (Record no. 9372)

MARC details
000 -LEADER
fixed length control field 00514nam a22002057a 4500
003 - CONTROL NUMBER IDENTIFIER
control field OSt
005 - DATE AND TIME OF LATEST TRANSACTION
control field 20240913141657.0
008 - FIXED-LENGTH DATA ELEMENTS--GENERAL INFORMATION
fixed length control field 240913b |||||||| |||| 00| 0 eng d
020 ## - INTERNATIONAL STANDARD BOOK NUMBER
International Standard Book Number 0750622091
040 ## - CATALOGING SOURCE
Transcribing agency MUST
100 ## - MAIN ENTRY--PERSONAL NAME
Personal name Christopher Martin
9 (RLIN) 5999
245 ## - TITLE STATEMENT
Title Marketing Logistics
260 ## - PUBLICATION, DISTRIBUTION, ETC. (IMPRINT)
Place of publication, distribution, etc. London
Name of publisher, distributor, etc. Elsevier
Date of publication, distribution, etc. c1997
300 ## - PHYSICAL DESCRIPTION
Extent vii,162p. ;
Other physical details ill.
Dimensions 24cm.
440 ## - SERIES STATEMENT/ADDED ENTRY--TITLE
Title Marketing Logisics
9 (RLIN) 19127
500 ## - GENERAL NOTE
General note Index
600 ## - SUBJECT ADDED ENTRY--PERSONAL NAME
Source of heading or term Marketing
700 ## - ADDED ENTRY--PERSONAL NAME
Personal name Martin Christopher
9 (RLIN) 6000
942 ## - ADDED ENTRY ELEMENTS (KOHA)
Source of classification or shelving scheme Dewey Decimal Classification
Koha item type Book
Holdings
Withdrawn status Lost status Source of classification or shelving scheme Damaged status Not for loan Home library Current library Date acquired Source of acquisition Inventory number Total Checkouts Full call number Barcode Date last seen Price effective from Koha item type
    Dewey Decimal Classification     MUST Main Library MUST Main Library 13/09/2024 Donation 06/27540   658 CHR 1997 2024-22364 13/09/2024 13/09/2024 Book